Memory and power in post-war Europe : studies in the presence of the past
Saved in:
| Other Authors: | |
|---|---|
| Format: | Book |
| Language: | English |
| Published: |
Cambridge, UK ; New York, NY :
Cambridge University Press,
2002.
|
| Subjects: | |
| Tags: |
Add Tag
No Tags, Be the first to tag this record!
|
MARC
| LEADER | 00000nam a2200000 a 4500 | ||
|---|---|---|---|
| 001 | 1/111532 | ||
| 008 | 160826s2002####enk| ||| |001 |deng|| | ||
| 020 | |a 978521000703 | ||
| 040 | |a GR-MyUa |b gre |c GR-MyUa |e AACR2 | ||
| 041 | 0 | |a eng | |
| 082 | 7 | |a 940.55 |2 (23) | |
| 245 | 0 | 0 | |a Memory and power in post-war Europe : |b studies in the presence of the past / |c edited by Jan-Werner Müller. |
| 260 | |a Cambridge, UK ; |a New York, NY : |b Cambridge University Press, |c 2002. | ||
| 300 | |a xii, 288 σ. ; |c 24 εκ. | ||
| 504 | |a Περιλαμβάνει βιβλιογραφία και ευρετήριο. | ||
| 650 | 0 | |a Memory |x Social aspects |z Europe. | |
| 650 | 0 | |a Political culture |z Europe. | |
| 650 | 0 | |a Historiography |z Europe. | |
| 650 | 0 | |a War memorials |z Europe. | |
| 651 | 0 | |a Europe |x History |y 1945- | |
| 700 | 1 | |a Müller, Jan-Werner, |d 1970- |e edt | |
| 852 | |a INST |b LESVOS |c BK |e 20160826 |h 940.55 MEM |p 005100058415 |q 005100058415 |t BK |y 0 | ||
| 922 | |a 1ΕΛΗ |b 2016-06 |c ΤΚΑΙ |d Δρες | ||
| 970 | |a Τζαφέρη |b Ευαγγελία |z 26-08-2016 | ||